| 000 | 01105nam a22002537a 4500 | ||
|---|---|---|---|
| 005 | 20240530110531.0 | ||
| 008 | 160316s2013 ua o g b 000 0 ara d | ||
| 017 |
_a2012/8475 _bمصر . دار الكتب المصرية |
||
| 020 | _a9789776298910 | ||
| 040 | _aEG-CaGPL | ||
| 082 | 0 | 4 |
_221 _a958.4056\ _bك م |
| 100 | 1 | _aكوبولا ، دامون ب | |
| 245 | 1 | 2 |
_aالمدخل الى ادارة الازمات و الطوارئ / _cتاليف دامون ب كوبولا ، جاين أ . بولوك ، جورج د. هادو ؛ ترجمة هبة عجينة |
| 250 | _aط1 | ||
| 260 |
_aالقاهرة : _bالمجموعة العربية للتدريب و النشر ، _c2013 . |
||
| 300 |
_a705 ص : _bصور ؛ _c24 سم + _eملاحق . |
||
| 504 | _aيشتمل على ارجاعات ببليوجرافية | ||
| 650 | 0 | 4 | _aادارة الازمات |
| 700 | 1 |
_aبولوك ، جاين أ _eمؤلف مشارك |
|
| 700 | 1 |
_aهادو ، جورج د _eمؤلف مشارك |
|
| 700 | 0 |
_aهبة عجينة _eمترجم |
|
| 942 |
_2ddc _cBK |
||
| 999 |
_c62081 _d62081 |
||